| 000 -LEADER |
| fixed length control field |
01952nam a22004217a 4500 |
| 001 - CONTROL NUMBER |
| control field |
12054018 |
| 003 - CONTROL NUMBER IDENTIFIER |
| control field |
LIBRIS |
| 005 - DATE AND TIME OF LATEST TRANSACTION |
| control field |
20210501123845.0 |
| 008 - FIXED-LENGTH DATA ELEMENTS--GENERAL INFORMATION |
| fixed length control field |
101208r1980 njua||||||||||000 j|eng|d |
| 020 ## - INTERNATIONAL STANDARD BOOK NUMBER |
| International Standard Book Number |
0890090572 |
| Qualifying information |
HBK. |
| Terms of availability |
No price |
| 020 ## - INTERNATIONAL STANDARD BOOK NUMBER |
| International Standard Book Number |
9780890090572 |
| Qualifying information |
HBK. |
| Terms of availability |
No price |
| 035 ## - SYSTEM CONTROL NUMBER |
| System control number |
DAW03628468 |
| 035 ## - SYSTEM CONTROL NUMBER |
| System control number |
DAW03628468 |
| 040 ## - CATALOGING SOURCE |
| Original cataloging agency |
StDuBDS |
| Transcribing agency |
StDuBDS |
| Modifying agency |
eng |
| Description conventions |
a |
| 041 ## - LANGUAGE CODE |
| Language code of text/sound track or separate title |
eng |
| 080 ## - UNIVERSAL DECIMAL CLASSIFICATION NUMBER |
| Universal Decimal Classification number |
821.111 |
| Item number |
D-79 |
| 082 04 - DEWEY DECIMAL CLASSIFICATION NUMBER |
| Classification number |
823.912 |
| Edition number |
21 |
| 084 ## - OTHER CLASSIFICATION NUMBER |
| Classification number |
He.016 |
| Number source |
kssb/8 |
| 100 1# - MAIN ENTRY--PERSONAL NAME |
| Personal name |
Doyle, Arthur Conan, |
| Titles and words associated with a name |
Sir, |
| Dates associated with a name |
1859-1930. |
| 245 14 - TITLE STATEMENT |
| Title |
The original illustrated Sherlock Holmes : |
| Remainder of title |
37 short stories plus a complete novel, comprising The adventures of Sherlock Holmes, The memoirs of Sherlock Holmes, The return of Sherlock Holmes and The hound of the Baskervilles / |
| Statement of responsibility, etc. |
by Arthur Conan Doyle ; reproduced from the original publication in the Strand Magazine with the classic illustrations by Sidney Paget. |
| Medium |
/ by: Castle Book |
| 264 #1 - PRODUCTION, PUBLICATION, DISTRIBUTION, MANUFACTURE, AND COPYRIGHT NOTICE |
| Place of production, publication, distribution, manufacture |
Secaucus, N.J. |
| Name of producer, publisher, distributor, manufacturer |
Castle Book |
| Date of production, publication, distribution, manufacture, or copyright notice |
1980 |
| 300 ## - PHYSICAL DESCRIPTION |
| Extent |
636 p. |
| Other physical details |
ill. |
| Dimensions |
25 cm. |
| 340 ## - PHYSICAL MEDIUM |
| Dimensions |
25 cm. |
| 600 14 - SUBJECT ADDED ENTRY--PERSONAL NAME |
| Personal name |
Holmes, Sherlock |
| Titles and other words associated with a name |
(fiktiv gestalt) |
| Authority record control number or standard number |
https://libris.kb.se/ljx189f453x0k1s#it |
| 650 #0 - SUBJECT ADDED ENTRY--TOPICAL TERM |
| Topical term or geographic name entry element |
Detective and mystery stories, English. |
| 650 #0 - SUBJECT ADDED ENTRY--TOPICAL TERM |
| Topical term or geographic name entry element |
English literature |
| 9 (RLIN) |
254 |
| 650 #0 - SUBJECT ADDED ENTRY--TOPICAL TERM |
| Topical term or geographic name entry element |
Holmes, Sherlock (Fictitious character) |
| Form subdivision |
Fiction. |
| 650 #0 - SUBJECT ADDED ENTRY--TOPICAL TERM |
| Topical term or geographic name entry element |
Watson, John H. (Fictitious character) |
| Form subdivision |
Fiction. |
| 653 ## - INDEX TERM--UNCONTROLLED |
| Uncontrolled term |
ინგლისური ლიტერატურა |
| 700 ## - ADDED ENTRY--PERSONAL NAME |
| 9 (RLIN) |
774 |
| Personal name |
Paget, Edward. Sidney |
| Relator term |
Illustrator |
| 740 02 - ADDED ENTRY--UNCONTROLLED RELATED/ANALYTICAL TITLE |
| Uncontrolled related/analytical title |
Strand Magazine. |
| 887 ## - NON-MARC INFORMATION FIELD |
| Content of non-MARC field |
{"@id":"8slm41xl1vzwm54","modified":"2018-10-30T23:00:00+01:00","checksum":"42866811940"} |
| Source of data |
librisxl |
| 887 ## - NON-MARC INFORMATION FIELD |
| Content of non-MARC field |
{"@id":"48gnbl590ws1cjl","modified":"2011-01-24T10:13:12+01:00","checksum":"70793217470"} |
| Source of data |
librisxl |
| 900 0s - EQUIVALENCE OR CROSS-REFERENCE-PERSONAL NAME [LOCAL, CANADA] |
| Linkage |
600 |
| Titles and other words associated with a name |
(fiktiv gestalt) |
| Affiliation |
Holmes, Sherlock |
| Titles and other words associated with a name |
(fiktiv gestalt) |
| 942 ## - ADDED ENTRY ELEMENTS (KOHA) |
| Source of classification or shelving scheme |
|
| Koha item type |
Books |